Trade unions in Sri Lanka (Record no. 496456)

000 -LEADER
fixed length control field 00321cam a22001097a 4500
008 - FIXED-LENGTH DATA ELEMENTS--GENERAL INFORMATION
fixed length control field 180718b xxu||||| |||| 00| 0 eng d
082 ## - DEWEY DECIMAL CLASSIFICATION NUMBER
Classification number R8x5-48/sr31
100 ## - MAIN ENTRY--PERSONAL NAME
Personal name Sarvaloganayagam, V.
245 ## - TITLE STATEMENT
Title Trade unions in Sri Lanka
Statement of responsibility, etc. by V. Sarvaloganayagam
260 ## - PUBLICATION, DISTRIBUTION, ETC.
Place of publication, distribution, etc. Ceylon
Name of publisher, distributor, etc. Academy of Administrative Studies
Date of publication, distribution, etc.
300 ## - PHYSICAL DESCRIPTION
Extent ix, 48p
Holdings
Withdrawn status Lost status Damaged status Not for loan Permanent Location Current Location Date acquired Full call number Barcode Date last seen Price effective from Koha item type
        Indian Institute of Public Administration Indian Institute of Public Administration 2018-08-04 R8x5-48/sr31 GR10358 2018-08-04 2018-08-04 GR

Powered by Koha